000 00306nam a22001337a 4500
008 170131b xxu||||| |||| 00| 0 eng d
020 _a0910701814
041 _aeng
080 _22ND
_a61
100 _a3
101 _aSHM
245 _aTHE WELL-MANAGED COMMUNITYH OSPITAL
_cGRIFFITH, J.R
942 _2udc
_cBK
999 _c4108
_d4108